000
00262nam a22001097a 4500
082
_a
920/MIS
100
_a
Mishra,Dr.Saroj Kr.
_9
81828
245
_a
Pt.Madan Mohan Malaviya
260
_a
Delhi
_b
GS Publisher Distributors
_c
2017
650
_a
Biography
942
_c
BK
999
_c
65993
_d
65993